Road map for tax reform : The taxation of savings and investment (Record no. 8942)

000 -CABECERA
campo de control de longitud fija 00642nam#a2200241#c#4500
003 - IDENTIFICADOR DEL NÚMERO DE CONTROL
campo de control IEF
005 - FECHA Y HORA DE LA ÚLTIMA TRANSACCIÓN
campo de control 20180219150616.0
008 - CÓDIGOS DE INFORMACIÓN DE LONGITUD FIJA
campo de control de longitud fija 941205s1987 CAN####fr####| 0||u|ENG|u
020 ## - NÚMERO INTERNACIONAL NORMALIZADO PARA LIBROS(ISBN)
Número Internacional Normalizado para Libros (ISBN) 0660123037
040 ## - FUENTE DE LA CATALOGACIÓN
Centro catalogador de origen IEF
041 ## - CÓDIGO DE LENGUA
Código de lengua del texto/banda sonora o título independiente ENG
110 2# - PUNTO DE ACCESO PRINCIPAL - NOMBRE DE ENTIDAD CORPORATIVA
Nombre de entidad corporativa o nombre de jurisdicción como elemento inicial Economic Council of Canada
9 (RLIN) 32860
245 ## - MENCIÓN DE TÍTULO
Título Road map for tax reform : The taxation of savings and investment
260 ## - PUBLICACIÓN, DISTRIBUCIÓN, ETC. (PIE DE IMPRENTA)
Lugar de publicación distribución etc. [Ottawa
Nombre del editor distribuidor etc. Minister of Supply and Services
Fecha de publicación distribución etc. 1987
300 ## - DESCRIPCIÓN FÍSICA
Extensión X, 54 p.
Otras características físicas gráf.
Dimensiones 27 cm.
500 ## - NOTA GENERAL
Nota general Bibliografía
650 #4 - PUNTO DE ACCESO ADICIONAL DE MATERIA--TÉRMINO DE MATERIA
Término de materia o nombre geográfico como elemento inicial IMPUESTOS
9 (RLIN) 47460
650 #4 - PUNTO DE ACCESO ADICIONAL DE MATERIA--TÉRMINO DE MATERIA
Término de materia o nombre geográfico como elemento inicial CANADA
9 (RLIN) 33508
650 #4 - PUNTO DE ACCESO ADICIONAL DE MATERIA--TÉRMINO DE MATERIA
Término de materia o nombre geográfico como elemento inicial REFORMA
9 (RLIN) 10750
942 ## - ELEMENTOS DE PUNTO DE ACCESO ADICIONAL (KOHA)
Tipo de ítem Koha Libros
942 ## - ELEMENTOS DE PUNTO DE ACCESO ADICIONAL (KOHA)
-- 33978
Holdings
Estado de retiro Estado de pérdida Estado dañado No para préstamo Localización permanente Fecha de adquisición Signatura topográfica completa Código de barras Fecha visto por última vez Precio válido a partir de Tipo de ítem Koha
      Disponible para préstamo IEF 1994-12-05 C 724-14144 C 724-14144 2018-02-19 2018-02-19 Libros

Powered by Koha